Sociologie des mouvements sociaux

Αποθηκεύτηκε σε:
Λεπτομέρειες βιβλιογραφικής εγγραφής
Κύριος συγγραφέας: Neveu, Erik 1952-
Μορφή: Βιβλίο
Γλώσσα:French
Δημοσίευση: Paris : Decouverte, 2005
Έκδοση:4e ed.
Σειρά:Collection Reperes. Serie "Sociologie" ; ; 207
Θέματα:
Ετικέτες: Προσθήκη ετικέτας
Δεν υπάρχουν, Καταχωρήστε ετικέτα πρώτοι!

MARC

LEADER 00000nam a2200000 i 4500
001 1/48993
008 070724s2005 fre d
020 |a 2-7071-4537-8 (pbk.) 
035 |l 10089070 
040 |a GR-MY-UA  |b gre  |e aacr 
041 0 |a fre 
082 0 |a 303.4840944  |2 (22) 
100 1 |a Neveu, Erik  |d 1952- 
245 1 0 |a Sociologie des mouvements sociaux /  |c Erik Neveu 
250 |a 4e ed. 
260 |a Paris :   |b Decouverte,   |c 2005 
300 |a 126 σ.;  |c 18 εκ. 
490 1 |a Collection Reperes. Sociologie  |v ; 207 
504 |a Βιβλιογραφία: σ.[116]-121. Ευρετήριο 
650 0 0 |a Social movements. 
650 0 0 |a Social movements  |z France. 
830 0 |a Collection Reperes. Serie "Sociologie" ;  |v ; 207 
852 |a INST  |b LESVOS  |e 20070724  |h 303.4840944 NEV  |p 005100037798  |q 005100037798  |t BK  |y 0 
901 |a BIBL1-2007-2 
909 |a Λ  |b 136907 
922 |a 1ΕΛΗ  |b 200707  |c ΕΠΕΑΕΚ2/ΤΚ  |d ΕΛΕΥΘΕΡΟΥΔΑΚΗΣ 
970 |a ΒΑΡΚΑ  |b ΕΛΕΥΘΕΡΙΑ  |z 2007/07/24